| 000 | 00459nam a2200157Ia 4500 | ||
|---|---|---|---|
| 008 | 210210b2002 xxu||||| |||| 00| 0 eng d | ||
| 020 | _a0 393 09092 2 | ||
| 082 | _a821.009 LOUR | ||
| 100 | _aLOUCKS (James F) | ||
| 245 | _aRobert Browning's poetry: Authoritatiave texts criticism. | ||
| 260 |
_aNY _bNot Mentioned _c2002 |
||
| 300 | _axiv,604 | ||
| 650 | _aNorton Critical Edition Robert Browning | ||
| 690 | _aEnglish Poetry Criticism | ||
| 906 | _a058648 | ||
| 999 |
_c106098 _d106098 |
||